Vývoj devízového kurzu československej koruny

Vývoj devízového kurzu československej koruny v rokoch 1945-1988: menové reformy, vnútorné reprodukčné cenové vyrovnanie, rektifikácia. Pokračovanie v č. 2/2004.

Saved in:
Bibliographic Details
Main Author: Majerský, Radovan
Format: Book Chapter
Language:Slovak
Subjects:
Tags: Add Tag
No Tags, Be the first to tag this record!

MARC

LEADER 00000naa$a2200000$$$4500
001 0005646
005 20221128110446.6
041 0 |a slo 
044 |a SK 
245 1 0 |a Vývoj devízového kurzu československej koruny  |c aut. Radovan Majerský 
520 |a Vývoj devízového kurzu československej koruny v rokoch 1945-1988: menové reformy, vnútorné reprodukčné cenové vyrovnanie, rektifikácia. Pokračovanie v č. 2/2004. 
610 2 0 |a kurz devízový 
610 2 0 |a politika menová 
610 2 0 |a koruna 
610 2 0 |a reformy menové 
610 2 0 |a vyrovnanie cenové 
610 2 0 |a 1945-1988 
610 2 0 |a Československo 
100 1 |a Majerský, Radovan